| 000 | 00538nam a2200181Ia 4500 | ||
|---|---|---|---|
| 005 | 20241029092820.0 | ||
| 008 | 240126s9999 xx 000 0 und d | ||
| 020 | _a9788131759028 | ||
| 082 | _a001.6425 AHO;1 R | ||
| 100 | _aAho, Alfred V. Lam, Monica S. Sethi, Ravi ...[et al.] | ||
| 245 | 0 | _aCompilers : principles, techniques and tools | |
| 250 | _a2nd ed. | ||
| 260 |
_bDorling Kindersley _aNew Delhi _c2011 |
||
| 300 | _axxiv, 1009+Q-22 | ||
| 440 | _aNULL | ||
| 650 | _aCompilers,principles,,techniques,tools | ||
| 942 | _cPU | ||
| 999 |
_c274725 _d274725 |
||